=LDR 00000nam 2200000 4500 =001 INLIS000000000029979 =005 20130612132151 =008 ***********************************Ind** =035 ##$$0010-061300000029979 =041 ##$$a Ind =082 ##$$a 248.4 =090 ##$$a 248.4, Gal b =100 ##$$a Galloway, Dale E =245 ##$$a Bersikaplah positif, 12 cara pengembangan sikap positif, Dale E Galloway =260 ##$$a 1993 $b Jakarta =300 ##$$a 74 hlm, 17 cm =650 ##$$a Sikap Positif =850 ##$$a NBPNMAT